[Event "Let's Play Chess!"]
[Site "http://www.queenalice.com/game.php?id=96589"]
[Date "2006.8.17"]
[Round "-"]
[White "CWynn"]
[Black "witkapje"]
[Result "0-1"]
[WhiteElo "1572"]
[BlackElo "1500"]

1. e4 e5 2. Nf3 Nc6 3. Bb5 a6 4. Ba4 Nf6 5. O-O Be7 6. Re1 b5 7. Bb3 O-O 8. h3
d6 9. c3 Na5 10. Bc2 c5 11. d4 Qc7 12. Nbd2 cxd4 13. cxd4 Bb7 14. d5 Rac8 15.
Bd3 Nd7 16. a4 Nc5 17. Bb1 b4 18. b3 f5 19. Ba2 Nd3 20. Rf1 Qc3 21. Rb1 Qc2 22.
Nc4 Qxa2 23. Qxd3 fxe4 24. Qxe4 Nxc4 0-1

[Event "AUTO-OPEN-360"]
[Site "http://www.queenalice.com/game.php?id=96638"]
[Date "2006.8.17"]
[Round "1"]
[White "witkapje"]
[Black "EvangelinySteel"]
[Result "1-0"]
[WhiteElo "1890"]
[BlackElo "1369"]

1. e4 c5 2. Nf3 d6 3. d4 cxd4 4. Nxd4 Nf6 5. Nc3 g6 6. Be3 Bg7 7. Be2 O-O 8. O-O
Nc6 9. a4 Nxe4 10. Nxe4 f5 11. Nxc6 1-0

[Event "AUTO-OPEN-360"]
[Site "http://www.queenalice.com/game.php?id=96642"]
[Date "2006.8.17"]
[Round "1"]
[White "witkapje"]
[Black "Andre"]
[Result "1-0"]
[WhiteElo "1890"]
[BlackElo "1475"]

1. e4 e5 2. f4 exf4 3. Nf3 d6 4. Be2 Bg4 5. O-O Bxf3 6. Rxf3 g5 7. d4 Nf6 8. Nc3
a6 9. g3 Nc6 10. gxf4 g4 11. Rf2 Rg8 12. Rg2 h5 13. e5 dxe5 14. fxe5 Nd5 15. Ne4
Be7 16. c3 b5 17. h3 Bg5 18. Nxg5 gxh3 19. Nxh3 Rxg2+ 20. Kxg2 Qd7 21. Bxh5
O-O-O 22. Bg4 f5 23. exf6 Rg8 24. Ng5 Nxf6 25. Bxd7+ Nxd7 26. Qf3 Rg6 27. Bf4 a5
28. Rh1 Kb7 29. Rh7 b4 30. Rxd7 Kb6 31. Qd5 Ne7 32. Bxc7+ Ka7 33. Bd8+ Ka6 34.
Qb7# 1-0

[Event "AUTO-OPEN-360"]
[Site "http://www.queenalice.com/game.php?id=96643"]
[Date "2006.8.17"]
[Round "1"]
[White "Andre"]
[Black "witkapje"]
[Result "0-1"]
[WhiteElo "1477"]
[BlackElo "1841"]

1. e4 e5 2. Nf3 Nc6 3. Bb5 a6 4. Bxc6 dxc6 5. Nxe5 Qd4 6. Nd3 Qxe4+ 7. Qe2 Bf5
8. f3 Qxe2+ 9. Kxe2 O-O-O 10. g4 Bxd3+ 11. cxd3 Nf6 12. g5 Nd5 13. Nc3 Nf4+ 14.
Ke3 Nxd3 15. f4 Bc5+ 16. Ke4 Nf2+ 17. Kf3 Nxh1 18. a3 Nf2 19. h4 Rhe8 20. d3
Rxd3+ 21. Kg2 Re1 22. b4 Ba7 23. Na4 Ne4 24. Nb2 Re2+ 25. Kf1 Ng3# 0-1

[Event "Challenge"]
[Site "http://www.queenalice.com/game.php?id=97033"]
[Date "2006.8.18"]
[Round "-"]
[White "witkapje"]
[Black "Alan"]
[Result "1-0"]
[WhiteElo "1847"]
[BlackElo "1750"]

1. e4 e5 2. f4 exf4 3. Nf3 Nc6 4. d4 d5 5. exd5 Qxd5 6. Nc3 Qd6 7. Nb5 Qe7+ 8.
Qe2 Qxe2+ 9. Bxe2 Bd6 10. Nxd6+ cxd6 11. Bxf4 d5 12. O-O Bf5 13. Rae1 Nge7 14.
Bd6 O-O 15. Bb5 Ng6 16. Bxf8 Rxf8 17. c3 Be4 18. Ba4 f5 19. Ng5 Rf6 20. Bb3 Kh8
21. g4 fxg4 22. Nxe4 Rxf1+ 23. Kxf1 dxe4 24. Rxe4 h5 25. d5 Nce5 26. d6 Nd7 27.
Re8+ Ngf8 28. Be6 1-0

[Event "AUTO-OPEN-361"]
[Site "http://www.queenalice.com/game.php?id=97076"]
[Date "2006.8.18"]
[Round "1"]
[White "SPFC"]
[Black "witkapje"]
[Result "0-1"]
[WhiteElo "1320"]
[BlackElo "1890"]

1. e4 e5 2. Nf3 Nc6 3. Bb5 a6 4. Bxc6 dxc6 5. Nc3 f6 6. d4 exd4 7. Qxd4 Qxd4 8.
Nxd4 Bd7 9. O-O O-O-O 10. Be3 Bb4 11. Bd2 c5 12. Nf5 Bxf5 13. Rad1 Bxc3 14. Bxc3
Bxe4 15. Rxd8+ Kxd8 16. Rd1+ Kc8 17. f3 Bxc2 18. Rd2 Bg6 19. Kf2 Ne7 20. g4 Re8
21. f4 Bf7 22. b3 Nd5 23. Bb2 Nxf4 24. Rc2 Nd3+ 25. Kf1 Re1+ 26. Kg2 Bd5+ 27.
Kh3 Re3+ 28. Kh4 g5+ 0-1

[Event "AUTO-OPEN-361"]
[Site "http://www.queenalice.com/game.php?id=97077"]
[Date "2006.8.18"]
[Round "1"]
[White "witkapje"]
[Black "SPFC"]
[Result "1-0"]
[WhiteElo "1890"]
[BlackElo "1245"]

1. e4 e5 2. f4 Nc6 3. Nf3 d6 4. Bb5 Bd7 5. Nc3 a6 6. Bxc6 Bxc6 7. d3 h6 8. fxe5
dxe5 9. Nxe5 Bd6 10. Qh5 Qf6 11. Nxc6 bxc6 12. Rf1 Qg6 13. Qxg6 fxg6 14. h3 Bg3+
15. Ke2 O-O-O 16. Be3 Be5 17. Na4 Ne7 18. c3 Rhf8 19. Nc5 Rd6 20. Rxf8+ 1-0

[Event "AUTO-OPEN-361"]
[Site "http://www.queenalice.com/game.php?id=97096"]
[Date "2006.8.18"]
[Round "1"]
[White "jaychess"]
[Black "witkapje"]
[Result "0-1"]
[WhiteElo "1729"]
[BlackElo "1657"]

1. e4 e5 2. Nf3 Nc6 3. Bc4 Nf6 4. Ng5 d5 5. exd5 Na5 6. Bb5+ c6 7. dxc6 bxc6 8.
Ba4 h6 9. Nf3 e4 10. Ng1 Bc5 11. f3 Qd4 12. Nc3 Qf2# 0-1

[Event "AUTO-OPEN-361"]
[Site "http://www.queenalice.com/game.php?id=97097"]
[Date "2006.8.18"]
[Round "1"]
[White "witkapje"]
[Black "jaychess"]
[Result "1-0"]
[WhiteElo "1775"]
[BlackElo "1703"]

1. e4 e5 2. f4 Nc6 3. Nf3 exf4 4. d4 d5 5. exd5 Qxd5 6. Bxf4 Bg4 7. Qe2+ Be7 8.
Nc3 Qd8 9. O-O-O Bxf3 10. Qxf3 Qd7 11. Bb5 Nf6 12. d5 a6 13. dxc6 Qe6 14. cxb7+
Kf8 15. bxa8=Q+ Bd8 16. Qxd8+ Ne8 17. Bxe8 Qxe8 18. Qxe8+ Kxe8 19. Rhe1+ Kf8 20.
Rd8# 1-0

[Event "AUTO-OPEN-361"]
[Site "http://www.queenalice.com/game.php?id=97109"]
[Date "2006.8.18"]
[Round "1"]
[White "alecarbar"]
[Black "witkapje"]
[Result "0-1"]
[WhiteElo "1399"]
[BlackElo "1890"]

1. e4 e5 2. Nf3 Nc6 3. Bc4 Nf6 4. Ng5 d5 5. exd5 Na5 6. Bb5+ c6 7. dxc6 bxc6 8.
Ba4 h6 9. Nf3 e4 10. Ne5 Qd4 11. Nxc6 Qxa4 12. Ne5 Bc5 13. O-O O-O 14. b3 Qd4
15. c3 Qxe5 0-1

[Event "AUTO-OPEN-361"]
[Site "http://www.queenalice.com/game.php?id=136015"]
[Date "2006.12.1"]
[Round "2"]
[White "Alexsandro"]
[Black "witkapje"]
[Result "1-0"]
[WhiteElo "2165"]
[BlackElo "1839"]

1. e4 e5 2. Nf3 Nc6 3. Bb5 a6 4. Ba4 Nf6 5. O-O Be7 6. Re1 b5 7. Bb3 O-O 8. c3
d6 9. h3 Na5 10. Bc2 c5 11. d4 Qc7 12. Nbd2 cxd4 13. cxd4 Bb7 14. Nf1 Rac8 15.
Re2 Nh5 16. d5 f5 17. exf5 Qc5 18. b4 Qc3 19. Rb1 Nc4 20. Rb3 1-0

[Event "AUTO-OPEN-361"]
[Site "http://www.queenalice.com/game.php?id=136016"]
[Date "2006.12.1"]
[Round "2"]
[White "witkapje"]
[Black "Alexsandro"]
[Result "0-1"]
[WhiteElo "1835"]
[BlackElo "2167"]

1. e4 c5 2. Nf3 d6 3. d4 cxd4 4. Nxd4 Nf6 5. Nc3 a6 6. Bg5 e6 7. Qf3 h6 8. Be3
e5 9. Nb3 Be6 10. Nd5 Nbd7 11. Bd3 Be7 12. O-O O-O 13. Rfe1 Ng4 14. Bd2 Bh4 15.
g3 Be7 16. Na5 Nc5 17. Bc4 Nf6 0-1